Normal view
MARC view
- Dr. Usman Akram
Entry Personal Name
001 - CONTROL NUMBER
- control field: 31693
003 - CONTROL NUMBER IDENTIFIER
- control field: NUST
005 - DATE AND TIME OF LATEST TRANSACTION
- control field: 20201019092331.0
008 - FIXED-LENGTH DATA ELEMENTS
- fixed length control field: 201019|| aca||aabn | a|a d
040 ## - CATALOGING SOURCE
- Original cataloging agency: NUST
- Transcribing agency: NUST
100 ## - HEADING--PERSONAL NAME
- Personal name: Dr. Usman Akram
670 ## - SOURCE DATA FOUND
- Source citation: Work cat.: (NUST): Niaz, Hafiz Adnan 31692, Word Spotting in Document Image Analysis /, 2017.
